zpět

Detail výsledku týmu

Studentský klub, Opava

Datum a čas kvízu

26.5 Celkem bodů Celkový počet nahraných bodů na tomto kvízu bez doplňovacích otázek.
3. Pořadí na kvízu Konečné umístění týmu na tomto kvízu.

Zaznamenané odpovědi

# Otázka Odpověď Body Výsledky
1. Sobotní vyhlašování cen Český... 1
2. Do prodejny mobilů přišla žena... 1
3. Mark Hamill se ve čtvrtek dočk... 0
4. Na letošním ženevském autosalo... 0
5. Základní část naší hokejové ex... 1
6. V tomto tématu si posvítíme na... 0.5
7. Které jsou nejrozšířenější jaz... 0.5
8. Největší jezera na světě co do... 1
9. Státy USA s největší rozlohou:... 0
10. Evropské země podle rozlohy: 1... 0.5